000
00306nam a2200157Ia 4500
100
_a
Sierra/kathy
650
_a
Java
942
_c
BK
366
_f
20
245
_a
Head first java
260
_b
Oreilly
_c
2005
082
_a
5.133
_b
SIE
300
_a
688
546
_a
ENGLISH
_c
Computers
999
_c
29810
_d
29810